000
00419nam a2200133Ia 4500
008
191206s9999 xx 000 0 und d
020
_a
256020892
090
_a
HD5880724
245
0
_a
"Organization Development: Theory, Practice, and Research"
260
_a
Business Publications
260
_c
c1978
300
_a
"xi, 526 p. ; 25 cm."
999
_c
16614
_d
16614